Derecho parroquial: guía canónica y pastoral
Bewaard in:
| Hoofdauteur: | |
|---|---|
| Formaat: | Boek |
| Taal: | Spaans |
| Gepubliceerd in: |
Salamanca
Sígueme
2008
|
| Reeks: | Lux Mundi, 89
|
| Onderwerpen: | |
| Tags: |
Voeg label toe
Geen labels, Wees de eerste die dit record labelt!
|
MARC
| LEADER | 00000cam a2200000 a 4500 | ||
|---|---|---|---|
| 001 | UCG0617 | ||
| 003 | CL-VaPUC | ||
| 008 | 100401e20080000SP |||||||||||||||||spa|d | ||
| 020 | |a 9788430116799 | ||
| 082 | 0 | 4 | |a 262.9 |b SAN |2 21 |
| 100 | 0 | |a San José Prisco, José |e author |9 548058 | |
| 245 | 1 | 0 | |a Derecho parroquial: guía canónica y pastoral |
| 300 | |a 557 p | ||
| 942 | |c BK | ||
| 945 | |d 20100401 00:00:00 |a rbrito | ||
| 260 | |a Salamanca |b Sígueme |c 2008 | ||
| 650 | 7 | |a DERECHO CANONICO |2 CL-VaPUC |9 548059 | |
| 583 | |a last modification |c 20180713 03:42:47 |k Rodrigo Vera | ||
| 490 | 0 | |a Lux Mundi, 89 | |
| 999 | |c 340177 |d 340175 | ||
| 952 | |0 0 |1 0 |4 0 |6 262_900000000000000_SAN_2008 |7 0 |8 A |9 434713 |a BIBDER |b BIBDER |d 2019-11-22 |i 465630K |l 1 |o 262.9 SAN 2008 |p 465630K |r 2024-01-29 |s 2020-03-13 |w 2019-11-22 |y BK |k DER | ||
| 952 | |0 0 |1 0 |4 0 |6 262_900000000000000_SAN_2008 |7 0 |8 A |9 434714 |a BIBTEO |b BIBTEO |d 2019-11-22 |i 4771265 |o 262.9 SAN 2008 |p 4771265 |r 2025-01-17 |w 2019-11-22 |y BK |k ICR | ||
| 952 | |0 0 |1 0 |3 erd |4 0 |6 262_900000000000000_SAN_2008 |7 0 |8 A |9 434715 |a BIBTEO |b BIBTEO |i 548037K |l 1 |o 262.9 SAN 2008 |p 548037K |r 2025-01-17 |s 2024-04-03 |w 2019-11-22 |y BK |z Catalogado en:20180713 |k ICR | ||